| 000 | 01644nam a22003257a 4500 | ||
|---|---|---|---|
| 999 |
_c23482 _d23482 |
||
| 003 | AR-CdUCM | ||
| 008 | 260122b2024 pe ||||| |||| 00| 0 spa d | ||
| 020 | _a978-612-03-0207-1 | ||
| 040 |
_aMUNICIPALIDAD PROVINCIAL DEL CUSCO _cBIBLIOTECA MUNICIPAL DEL CUSCO |
||
| 041 | _hspa | ||
| 082 |
_a985.61 / _bN94 |
||
| 100 |
_aNúñez del Prado Morvely, Karen Mabel _950589 |
||
| 245 | _aLa Sal un Recurso Vital en las Relaciones de Poder / | ||
| 260 |
_aCusco : _bKaren Mabel Nuñez del Prado, _c2024 |
||
| 300 |
_a215 páginas. : _c15 x 21 cm. |
||
| 500 | _zpáginas 208 - 212 | ||
| 505 | _acontenido: Capítulo I. Aspectos Generales -- Vías de acceso a la zona -- Límites -- Población -- Orografía del Distrito -- Capítulo II. La sal y su importancia -- Órdenes Eclesiásticas -- Las Salinas en el Antiguo Perú -- Capítulo III. Composición física de la sal -- Las evaporitas -- Envasado almacenamiento -- Sistema Hidráulico -- Capítulo IV. Etimología y Toponimia de la palabra cachi -- Marcavalle y Chanapata -- El poder de los Ayllus -- Capítulo V. Extensión territorial -- La Mina de Potosí -- Capítulo VI. Los Yacimientos -- La creación del Estado.... | ||
| 650 |
_aUbicación _949438 |
||
| 650 |
_aVías de acceso a la zona _952124 |
||
| 650 |
_aHidrografía _96357 |
||
| 650 |
_aLeyes del derecho _952125 |
||
| 650 |
_aObtención de la sal _952126 |
||
| 650 |
_aCreación del estanco _952127 |
||
| 650 |
_aLas Salinas _952128 |
||
| 650 |
_aPreparación de pozas _952129 |
||
| 650 |
_aSistema Hidráulico _952130 |
||
| 650 |
_aGuerras de expansión _952131 |
||
| 942 |
_2ddc _cLIBROS |
||
| 945 |
_ajmcs _d22/01/2026 |
||